| 000 | 01200nam a22003497a 4500 | ||
|---|---|---|---|
| 003 | CHAP | ||
| 005 | 20220329134229.0 | ||
| 008 | 971013s1976 r 00010 d | ||
| 010 | _a17322 | ||
| 011 | _a18294 | ||
| 035 | _a22379 | ||
| 040 | _cCHAP | ||
| 082 |
_a634.967 _bJ6 |
||
| 100 | 0 | 0 |
_aJohnson, Warren T. _961880 |
| 245 | _aInsects that feed on trees and shrubs; an illustrated practical guide | ||
| 260 |
_aIthaca, N.L., : _bComstock, _c1976 |
||
| 300 |
_a463 p. _b: ilus |
||
| 590 |
_aBATCH-UPD _b10 _c20130109 _lUCH01 _h2340 |
||
| 590 |
_aBATCH-UPD _b10 _c20130110 _lUCH01 _h2012 |
||
| 590 |
_aBATCH-UPD _b10 _c20130409 _lUCH01 _h1909 |
||
| 590 |
_aBATCH-UPD _b10 _c20130410 _lUCH01 _h1330 |
||
| 590 |
_aBATCH-UPD _b10 _c20130914 _lUCH01 _h1311 |
||
| 590 |
_aCONVERSION _b10 _c20130109 _lUCH01 _h1311 |
||
| 650 | 1 | 4 |
_aÁrboles _xPlagas. _982440 |
| 650 | 1 | 4 |
_aEntomología económica. _937145 |
| 700 | 0 |
_aLyon, Howard H. _969285 |
|
| 901 | _aBK | ||
| 942 | _cLIBRO | ||
| 949 |
_a634.967 J6 _bBC _cC _d33724000651063 _eC _h54432 _i22379 _si |
||
| 949 |
_a634.967 J6 _bBC _cC _d33724000651071 _eC _fc.3 _gI.124706 _h63625 _i22379 _mDir _si |
||
| 949 |
_a634.967 J6 _bBC _cC _d33724000651089 _eC _fc.2 _h54433 _i22379 _si |
||
| 999 |
_c17322 _d17322 |
||